000 01066nam a2200277Ia 4500
001 Para_9977
003 CHAP
008 220125sFebr xx 000 0 und d
010 _a208644
040 _cCHAP
090 _aPA CD - TESIS 62
100 _aGómez Hernández, Yolanda
_949760
245 _aIdentificación del agente causal de la mancha foliar bacteriana en el cultivo de perejil (Petroselinum crispum (Miller) Nyman ex a. w. hill) en campo y almacén /
_c Yolanda Gómez Hernández; Director Ma. de Lourdes Rodríguez Mejía.
260 _aChapingo, Méx. :
_b el autor
300 _a1 CDS ROM (43 p.)
502 _aTesis (Ing. Agr. Esp. en Parasitología Agrícola). UACh. Departamento Parasitología Agrícola
700 _aRodríguez Mejía, Ma. de Lourdes. Director
_9175064
710 _aUACh. Departamento Parasitología Agrícola
_9164025
901 _aPA CD - TESIS 62
902 _aM
905 _a513220Febrero, 2011 an 8100000000 06
910 _aFebr
942 _cPARA
942 _cPARA
_d2
999 _c208644
_d208644